1983 1640 1006 1115 1336 1839 1487 1822 1278 1088 1091 1080 1491 1777 1313 1192 1379 1992 1877 1320 1755 1255 1725 1944 1980 1155 1717 1435 1756 1375 1720 1364 1399 1486 1462 1488 1966 1458 1820 1693 1433 1871 1083 1359 1517 1909 1301 1336 1628 1977 1628 1307 1207 1283 1167 1826 1825 1751 1001 1748 1845 1756 1929 1848 1915 1646 1288 1135 1719 1521 1395 1486 1042 1128 1347 1564 1533 1339 1412 1017 1009 1869 1617 1793 1422 1221 1661 1037 1944 1749 1042 1484 1632 1035 1008 1370 1717 1316 1241 BCNSPRNW ULIB Ver.6.0+V

เปลี่ยนเป็นภาษาไทย

Change to English
 แสดงรายละเอียดบรรณานุกรม
  กลับหน้าหลัก

Brief Record : Get Marc (ISO 2709) : E-mail record : QR code < ปิดหน้าต่าง
LEADER : 00000nam 2200000uu 4500
001    13399121820
003     ULIB
008    121210s2554||||th 000 0 tha d
020    ^a9789747346657
060  4 ^aQS4^bน614ก
100 0  ^aนิธิมา เพียงพงษ์
245 10 ^aกายวิภาคศาสตร์มนุษย์ของแขน ขา และหลัง /^cนิธิมา เพียงพงษ์
250    ^aพิมพ์ครั้งที่ 1
260    ^aกรุงเทพฯ :^bทวีโชติการพิมพ์,^c2554
300    ^a267 หน้า :^bภาพประกอบ
505 0  ^aคำศัพท์ทางกายวิภาคศาสตร์ - - โครงสร้างพื้นฐานร่างกายมนุษย์ - - กายวิภาคศาสตร์ของส่วนรยางค์แขน - - กายวิภาคศาสตร์ของส่วนรยางค์ขา - - กายวิภาคศาสตร์ของหลัง - - ข้อต่อและการเคลื่อนไหวของแขน ขา และหลัง
650  7 ^aกายวิภาคศาสตร์มนุษย์
856    ^a^zกายวิภาคศาสตร์มนุษย์ของ แขน ขา และหลัง0001.pdf (สารบัญหนังสือ)^uhttp://61.19.69.198/ULIB//_fulltext/Content ::/13399110180/20120119155320_2775.pdf
945    ^p300^l0^i033184
945    ^p300^l0^i033185
999 ^a ศพร
รายการนี้ยังไม่มีแท็ก
คุณยังไม่ได้ล็อกอิน คุณสามารถมีกิจกรรมร่วมกับเว็บไซต์ได้ แต่ต้องล็อกอินก่อน ::
  ล็อกอิน

รายการสื่อสารสนเทศ

ลำดับที่ ประเภท เลขเรียก/บาร์โค้ด สถานที่ สถานะ
1. วิทยาศาสตร์การแพทย์ และสุขภาพ
หนังสือสำรอง
สถานะ=หนังสือสำรอง
QS4 น614ก ฉ.1 
  Barcode: 033184
ห้องสมุดวิทยาเขตสวรรค์ประชารักษ์
►ส่วนจัดเก็บหนังสือเก่า สปร
บนชั้น
  ขอยืม
2. วิทยาศาสตร์การแพทย์ และสุขภาพ
วิทยาศาสตร์การแพทย์ และสุขภาพ
QS4 น614ก ฉ.2 
  Barcode: 033185
ห้องสมุดวิทยาเขตสวรรค์ประชารักษ์
►ส่วนจัดเก็บหนังสือเก่า สปร
บนชั้น
  ขอยืม

รายการใกล้เคียง
    ผู้แต่ง [นิธิมา เพียงพงษ์]

    หัวเรื่อง [กายวิภาคศาสตร์มนุษย์]

BibComment


ยังไม่เคยถูกคอมเมนท์

คอมเมนท์ทรัพยากรรายการนี้
  คอมเมนท์: กายวิภาคศาสตร์มน..


 Copyright 2026. Bcnsprnw @Library